| 000 | 00471nam a22001817a 4500 | ||
|---|---|---|---|
| 003 | CEME | ||
| 005 | 20210628202459.0 | ||
| 008 | 210208b xxu||||| |||| 00| 0 eng d | ||
| 020 | _a81-7685-234-9 | ||
| 040 | _c. | ||
| 082 | _a004.36 COR | ||
| 100 |
_aCadman, John Mayfield, Vincent Corry, Chris _960084 |
||
| 245 | _aCom-dcom, primer plus | ||
| 260 |
_aNEW DELHI _bTECHMEDIA PUBLISHER _c1999 |
||
| 300 | _aXVI,550P | ||
| 650 |
_aDCOM; CO _960085 |
||
| 942 |
_cBK _2ddc |
||
| 999 |
_c569909 _d569909 |
||